Urgencias cardiovasculares / (Registro nro. 22271)

Detalles MARC
000 -LEADER
fixed length control field 01236nam a2200301 4500
001 - CONTROL NUMBER
control field 0000019485
003 - CONTROL NUMBER IDENTIFIER
control field CO-CtgCURN
005 - DATE AND TIME OF LATEST TRANSACTION
control field 20250331185201.0
007 - PHYSICAL DESCRIPTION FIXED FIELD--GENERAL INFORMATION
fixed length control field ta
008 - FIXED-LENGTH DATA ELEMENTS--GENERAL INFORMATION
fixed length control field 160627s2001 000 0 eng d
020 ## - INTERNATIONAL STANDARD BOOK NUMBER
International Standard Book Number 8481743941
040 ## - CATALOGING SOURCE
Original cataloging agency CO-CtgCURN
Language of cataloging spa
Transcribing agency coctgcurn
082 0# - DEWEY DECIMAL CLASSIFICATION NUMBER
Classification number 616.12
Item number C17u
100 1# - MAIN ENTRY--PERSONAL NAME
Personal name Castellanos Reyes, Carlos.
245 10 - TITLE STATEMENT
Title Urgencias cardiovasculares /
Statement of responsibility, etc. Carlos Castellanos Reyes, Miguel A. Pérez de Juan Romero.
260 ## - PUBLICATION, DISTRIBUTION, ETC.
Place of publication, distribution, etc. Madrid :
Name of publisher, distributor, etc. Harcourt,
Date of publication, distribution, etc. 2001.
300 ## - PHYSICAL DESCRIPTION
Extent xxi, 544 p.
336 ## - CONTENT TYPE
Source rdacontent
337 ## - MEDIA TYPE
Source rdamedia
Media type term sin mediacion
Media type code n
338 ## - CARRIER TYPE
Source rdacarrier
Carrier type term volumen
Carrier type code nc
500 ## - GENERAL NOTE
General note Incluye bibliografias e indice.
505 8# - FORMATTED CONTENTS NOTE
Formatted contents note Aspecto medico legales del paciente critico.--Cuidados generales del paciente critico.--Alimentacion parenteral.--Paro cardiaco del adulto.--Paro cardiaco en pediatria.--Intoxicacion digitalica.--Schock cardiogenico.--Tratamiento de la angina inestable.--Enfermedad aguda de la aorta.--Tromboembolia pulmonar
650 14 - SUBJECT ADDED ENTRY--TOPICAL TERM
Topical term or geographic name entry element Urgencias cardiovasculares.
700 1# - ADDED ENTRY--PERSONAL NAME
Personal name Pérez de Juan Romero, Miguel A.
908 ## - PUT COMMAND PARAMETER (RLIN)
Put command parameter 160627
942 ## - ADDED ENTRY ELEMENTS (KOHA)
Koha item type Libros
Classification part 616.12
Item part C17u
Source of classification or shelving scheme Dewey Decimal Classification
Existencias
Withdrawn status Lost status Source of classification or shelving scheme Damaged status Not for loan Collection Home library Current library Shelving location Date acquired Inventory number Total checkouts Full call number Barcode Date last seen Date last checked out Price effective from Koha item type Public note
    Dewey Decimal Classification     General Miguel Henríquez Emiliani Miguel Henríquez Emiliani General 03/31/2025 009010 5 616.12 C17u 009010 02/21/2026 02/17/2026 03/31/2025 Libros 610-CIENME